| 000 | 00851cab a22002055a 4500 | ||
|---|---|---|---|
| 001 | L158475 | ||
| 008 | 150313e20150214xxk 000 0 eng d | ||
| 035 | _a(Sirsi) u158475 | ||
| 041 | 0 | _aeng | |
| 100 | 1 | _aDutton, Timothy | |
| 245 | 0 | 4 | _aThe Assessment of Hope |
| 260 | _c2015 | ||
| 490 |
_aEstates Gazette _v(1506) 14 February 2015, 74-76(2) |
||
| 520 | _aIn the first part of two articles, asks where hope value can be included in a valuation. Includes information about intermediate leasehold interests, the application of section 6 of the Leasehold Reform, Housing and Urban Development Act 1993 and the implications of the Cravecrest case involving hope value which have not yet been considered in the Upper Tribunal. | ||
| 590 | _aKA | ||
| 651 | 4 | _aUnited Kingdom | |
| 690 |
_aValuation _96273 |
||
| 700 | 1 | _aCardew, Maxim | |
| 942 | _n0 | ||
| 999 |
_c84606 _d84606 |
||